| 000 | 00738nam a2200193 a 4500 | ||
|---|---|---|---|
| 003 | 0 | ||
| 005 | 20250224100548.0 | ||
| 008 | 101112s19uu xx 00 eng d | ||
| 050 |
_aPHS BF 576 _b.P235 2010 |
||
| 100 | _aPark, Wan Yeong. | ||
| 245 |
_aRelationship of emotional intelligence and problem solving skills of fourth year high school students / _cWan Yeong Park. |
||
| 260 |
_aLas PiƱas City, Philippines : _bSouthville International School and Colleges, _c2010. |
||
| 300 |
_a35 pages : _billustrations ; _c30 cm. |
||
| 504 | _aIncludes bibliographical references. | ||
| 650 | _aEmotional intelligence. | ||
| 650 |
_aProblem-solving _xPsychological aspects. |
||
| 650 |
_aHigh school students _xPsychology. |
||
| 942 |
_2lcc _cPASS |
||
| 999 |
_c98496 _d98496 |
||